| 000 | 00000nas 2200000za 4500 |
| 001 | 9.841838 |
| 003 | CaOODSP |
| 005 | 20221107152203 |
| 007 | cr ||||||||||| |
| 008 | 170816d19191927oncar p oss f0###a0eng|d |
| 022 | |y0837-8894 |
| 040 | |aCaOODSP|beng |
| 043 | |an-cn--- |
| 086 | 1 |aCS11-201E-PDF |
| 110 | 1 |aCanada. |bDominion Bureau of Statistics. |
| 245 | 10|aAnnual report of the Dominion Statistician |h[electronic resource] / |cCanada, Dominion Bureau of Statistics. |
| 260 | |a[Ottawa] : |bThe Bureau, |c[1919-1927] |
| 310 | |aAnnual |
| 362 | 0 |aMar. 31, 1919-Mar. 31, 1927. |
| 500 | |aDigitized edition from print [produced by Statistics Canada]. |
| 500 | |aIssued also in French under title: Rapport annuel du Statisticien du Dominion pour l'exercice clos le 31 mars ... . |
| 515 | |aIssues for 1920-1921, 1926 not published. |
| 692 | 07|2gccst|aStatistics |
| 775 | 08|tRapport annuel du Statisticien du Dominion pour l'exercice clos le 31 mars ... |w(CaOODSP)9.841839 |
| 785 | 00|tReport of the Dominion Statistician for the fiscal year ended March 31, ... |w(CaOODSP)9.841840 |